Países com maiores taxas de natalidade por continente - Statistics

Estatísticas Gerais
  • Esse quiz foi jogado 27 vezes
  • A pontuação média é 15 de 30
Estatísticas das Respostas
Continente Taxa Países % Correto
África 41.95 Níger
90%
América do Sul 16.18 Peru
90%
América do Sul 21.57 Bolívia
85%
América do Sul 20.75 Guiana
80%
América do Sul 20.36 Paraguai
80%
América do Sul 17.47 Suriname
75%
América do Norte 21.06 Guatemala
70%
América do Norte 22.24 Honduras
70%
América do Norte 19.69 Nicarágua
70%
África 41.62 RD Congo
70%
América do Norte 22.55 Haiti
60%
Europa 12.20 Turquia
55%
Oceania 28.67 Vanuatu
55%
Oceania 27.28 Ilhas Salomão
50%
Oceania 25.16 Papua Nova-Guiné
50%
Ásia 28.13 Paquistão
50%
América do Norte 18.25 Rep. Dominicana
50%
Ásia 36.04 Afeganistão
45%
Oceania 26.10 Samoa
45%
Europa 10.70 França
40%
Ásia 35.41 Iémen
35%
Oceania 26.40 Kiribati
35%
África 45.42 Rep. Centro-Africana
35%
África 43.35 Chade
25%
África 43.79 Somália
20%
Ásia 26.52 Uzbequistão
20%
Europa 11.05 Chipre
10%
Europa 11.30 Montenegro
10%
Europa 11.50 Islândia
5%
Ásia 27.04 Tadjiquistão
5%
Nenhum quiz correspondente encontrado
Distribuição das Pontuações
Porcentagem de Pessoas com Cada Pontuação
Percentil de Números Respondidos
Sua Pontuação Histórica
Você não jogou esse quiz